Statistics for Countries that use the Franc

Click here to take the quiz!

General Stats

  • This quiz has been taken 40 times
    (17 since last reset)
  • The average score is 19 of 22

Answer Stats

Country% Correct
Benin
100%
Central African Republic
100%
Congo
100%
Democratic Republic of the Congo
100%
Equatorial Guinea
100%
Guinea
100%
Ivory Coast
100%
Mali
100%
Niger
100%
Senegal
100%
Burkina Faso
94%
Chad
94%
Gabon
94%
Guinea-Bissau
94%
Togo
94%
Cameroon
88%
Switzerland
81%
Burundi
75%
Rwanda
69%
Comoros
63%
Liechtenstein
63%
Djibouti
38%

Score Distribution

Percentile by Number Answered

Percent of People with Each Score

Your Score History

You have not taken this quiz since the last reset